LEADER 01261nam a2200301 a 4500 001 000000137512 003 CaOOAMICUS 005 20140226095430.0 008 140226s1997 it u000 u ita r 020 $a88-384-2971-5 040 $aPUL$bita 100 1 $aSantaniello, Giuseppe.$0(OLS)http://pul/name/37039 245 10$aLibertą etica garanzia dell'informazione /$cGiuseppe Santaniello ; a cura di Cristiana Turchetti. 260 $aCasale Monferrato :$bPiemme,$c©1997. 300 $a240 p. ;$c20 cm 500 $aSulla cop: Prefazione di Antonio Maccanico. 504 $aBibliografia p. 237-238. 650 4$aInformazione$xAspetti etici.$0(OLS)http://pul/subject/40135 700 1 $aTurchetti, Cristiana.$0(OLS)http://pul/name/88632 700 1 $aMaccanico, Antonio.$0(OLS)http://pul/name/88633 850 $aPUL 852 $aPUL$W1$xDP1 Fondo E. Rossi$y115$m6 A 108$j158522$qFondi$B158038$CPULBib$Z2$F158038 $82 941 1 $a1 961 $aSul dorso collocazione ms. di E. Rossi: Com G S 1 996 $6020$a88-384-2971-5$9(OLS)http://pul/number/154609 996 $6245$aLibertą etica garanzia dell'informazione$9(OLS)http://pul/title/174097 996 $6260$aCasale Monferrato :$bPiemme$9(OLS)http://pul/publisher/51813 LEADER 01188nam a2200289 a 4500 001 000000160011 003 CaOOAMICUS 005 20170406152608.0 008 170406s2017 it 000 u ita r 020 $a9788813363338* 032 $aLibriCat 040 $aPUL$bita 082 14$a346.015 100 1 $aGalli, Rocco.$0(OLS)http://pul/name/79509 245 10$aNuovo corso di diritto civile /$cRocco Galli. 260 $aPadova :$bCEDAM ;$aMilanofiori Assago :$bWolters Kluwer,$c©2017. 300 $axiv, 1175 p. ; $c30 cm. 650 4$aDiritto civile$zItalia$vManuali.$0(OLS)http://pul/subject/34129 850 $aPUL 852 $aPUL$W1$xSL Diritto e Scienze Sociali 3$y79$m346. 015 GALRO 1$j183597$qDDC 21$B186802$CPULBib$Z2$F186802 $H129319 $81 941 1 $a9 996 $6020$a9788813363338*$9(OLS)http://pul/number/162395 996 $6082$a346.015$9(OLS)http://pul/classification/383 996 $6245$aNuovo corso di diritto civile$9(OLS)http://pul/title/199645 996 $6260$aPadova :$bCEDAM$9(OLS)http://pul/publisher/48126 996 $6260$aMilanofiori Assago :$bWolters Kluwer$9(OLS)http://pul/publisher/81463